[Event "Tourn. n9992"]
[Site "www.echecsemail.com"]
[Date "2018.11.20"]
[Round "1"]
[White "Drill64"]
[Black "Apdash"]
[WhiteElo "2280"]
[BlackElo "2310"]
[Result "1/2-1/2"]
[Round "1"]
1.Ng1f3 Ng8f6
2.c4 e6
3.g3 c6
4.Bf1g2 d5
5.O-O dxc4
6.a4 Qd8c7
7.Qd1c2 b6
8.Qc2xc4 Bc8a6
9.Qc4c2 Ba6xe2
10.Rf1e1 Be2a6
11.Nb1c3 Bf8b4
12.Nf3e5 Ba6b7
13.Nc3b5 Qc7c8
14.Qc2b3 Bb4e7
15.Nb5d4 O-O
16.Bg2h3 Nf6d5
17.Ne5xf7 Rf8xf7
18.Bh3xe6 Qc8f8
19.Nd4xc6 Bb7xc6
20.Be6xd5 Bc6xd5
21.Qb3xd5 Nb8a6
22.Re1xe7 Ra8d8
23.Qd5xf7 Qf8xf7
24.Re7xf7 Kxf7
25.Kf1 Na6b4
26.Ke2 Nb4c2
27.Ra1b1 Nc2d4
28.Kf1 Nd4b3
{ draw }
1/2-1/2

[Event "Tourn. n10005"]
[Site "www.echecsemail.com"]
[Date "2018.11.20"]
[Round "1"]
[White "Fantomas"]
[Black "Bojan"]
[WhiteElo "2100"]
[BlackElo "2020"]
[Result "1-0"]
[Round "1"]
1.e4 e5
2.Ng1f3 d6
3.Bf1c4 h6
4.d4 exd4
5.Nf3xd4 a6
6.a3 c5
7.Nd4b3 Nb8c6
8.Nb1c3 Ng8f6
9.f3 Nc6e5
10.Bc4e2 Bc8e6
11.Nb3d2 Bf8e7
12.Nd2f1 Nf6h5
13.g3 g6
14.Nf1e3 Nh5f6
15.Nc3d5 Nf6xd5
16.Ne3xd5 Be6h3
17.Rh1g1 Ne5c6
18.Nd5xe7 Qd8xe7
19.Bc1f4 Nc6d4
20.Be2c4 Bh3d7
21.c3 Nd4e6
22.Bf4xd6 Qe7f6
23.f4 Bd7c6
24.Bd6e5 Qf6e7
25.Be5xh8 Bc6xe4
26.Bc4xe6 Qe7xe6
27.Qd1e2 Kd7
28.Ra1d1 Kc7
29.Bh8e5 Kb6
30.Rd1d6 { resign }
1-0

[Event "Tourn. n9979"]
[Site "www.echecsemail.com"]
[Date "2018.11.20"]
[Round "1"]
[White "Julian"]
[Black "Picifarkinca"]
[WhiteElo "1690"]
[BlackElo "1740"]
[Result "0-1"]
[Round "1"]
1.e4 c5
2.Ng1f3 Nb8c6
3.d4 cxd4
4.Nf3xd4 Ng8f6
5.Nb1c3 e5
6.Nd4xc6 bxc6
7.Bf1e2 Bc8b7
8.O-O Bf8e7
9.Bc1e3 O-O
10.Qd1d2 { time. }
0-1

[Event "Match"]
[Site "www.echecsemail.com"]
[Date "2018.11.20"]
[Round "1"]
[White "Luke1302"]
[Black "Sonny1000"]
[WhiteElo "1390"]
[BlackElo "1590"]
[Result "0-1"]
[Round "1"]
1.e4 e5
2.Qd1e2 a6
3.g3 Qd8g5
4.h4 Qg5g6
5.Bf1g2 Qg6c6
6.b3 Qc6xc2
7.Nb1a3 Qc2c5
8.Bc1b2 Ng8f6
9.Na3c4 Qc5b4
10.Bb2c3 Qb4a3
11.Nc4xa3 Bf8xa3
12.Ra1b1 d6
13.b4 Bc8g4
14.f3 Bg4h5
15.Rb1b3 Ba3c1
16.Qe2d1 Nf6xe4
17.Qd1xc1 Ne4xc3
18.Rb3xc3 Nb8c6
19.f4 Nc6d4
20.Rc3xc7 Kd8
21.Rc7c3 Ra8b8
22.Qc1a3 Nd4b5
23.Qa3a5 Ke7
24.fxe5 dxe5
25.Rc3c5 Rh8d8
26.Rc5xe5 Kf8
27.Qa5xd8 Rb8xd8
28.Re5xh5 h6
29.Ng1h3 Rd8d3
30.Nh3f4 Rd3xg3
31.Rh5d5 Rg3a3
32.Rd5d8 Ke7
33.O-O Kxd8
34.Bg2xb7 Ra3xa2
35.Nf4d5 Ra2xd2
36.Bb7xa6 Rd2xd5
37.Rf1xf7 Rd5d1
38.Rf7f1 Rd1d5
39.Rf1f8 Ke7
40.Ba6xb5 Kxf8
41.Bb5c4 Rd5d1
42.Kf2 Rd1d4
43.Bc4e6 Rd4xb4
44.Be6g4 Rb4xg4
{ resign }
0-1

[Event "Tourn. n9988"]
[Site "www.echecsemail.com"]
[Date "2018.11.20"]
[Round "1"]
[White "Bojan"]
[Black "Roque1"]
[WhiteElo "1980"]
[BlackElo "1970"]
[Result "1-0"]
[Round "1"]
1.e4 c5
2.Ng1f3 e6
3.e5 d6
4.Bf1b5 Bc8d7
5.Qd1e2 a6
6.Bb5xd7 Nb8xd7
7.d3 dxe5
8.Nf3xe5 Nd7xe5
9.Qe2xe5 Ng8f6
10.O-O Bf8d6
11.Qe5g5 O-O
12.Nb1c3 b5
13.Qg5h4 h6
14.Nc3e4 Nf6xe4
15.Qh4xe4 Qd8e7
16.Bc1e3 f5
17.Qe4f3 Rf8f6
18.c3 Rf6g6
19.Qf3xa8 Kh7
20.f4 Qe7h4
21.Qa8xa6 e5
22.g3 exf4
23.Be3xf4 Bd6xf4
24.Qa6xg6 Kxg6
25.gxh4 Bf4e3
26.Kg2 f4
27.a4 Kf5
28.Kf3 bxa4
29.Ra1xa4 { resign }
1-0

[Event "Tourn. n9998"]
[Site "www.echecsemail.com"]
[Date "2018.11.20"]
[Round "1"]
[White "Bojan"]
[Black "Bevittsmith"]
[WhiteElo "1950"]
[BlackElo "2200"]
[Result "0-1"]
[Round "1"]
1.e4 c5
2.Ng1f3 d6
3.Bf1c4 Ng8f6
4.d3 Nb8c6
5.a3 Bc8g4
6.Bc1e3 Nc6e5
7.Bc4b5 Nf6d7
8.h3 Ne5xf3
9.Kf1 Nf3h2
{ resign }
0-1

[Event "Match"]
[Site "www.echecsemail.com"]
[Date "2018.11.20"]
[Round "1"]
[White "Kipik"]
[Black "Ericleo1980"]
[WhiteElo "2020"]
[BlackElo "1980"]
[Result "1-0"]
[Round "1"]
1.e4 c5
2.Ng1f3 d6
3.d4 cxd4
4.Nf3xd4 Ng8f6
5.Nb1c3 a6
6.Bf1e2 e6
7.Bc1e3 Qd8c7
8.Qd1d2 b5
9.O-O b4
10.Nc3a4 Nf6xe4
11.Qd2xb4 d5
12.Qb4b6 Bf8d6
13.Qb6xc7 Bd6xc7
14.f3 Ne4f6
15.Na4c5 Bc7d6
16.Nd4b3 Nb8d7
17.Nc5xd7  { time }
1-0

[Event "Match"]
[Site "www.echecsemail.com"]
[Date "2018.11.20"]
[Round "1"]
[White "Sonny1000"]
[Black "Caspito"]
[WhiteElo "1590"]
[BlackElo "1820"]
[Result "0-1"]
[Round "1"]
1.e4 e5
2.Nb1c3 Ng8f6
3.f3 Bf8c5
4.Ng1e2 O-O
5.Nc3b5 d5
6.Nb5c3 d4
7.Nc3a4 Bc5b6
8.Ne2g3 Bc8d7
9.h4 Bd7xa4
10.b3 Ba4b5
11.Bf1xb5 c5
12.c4 a6
13.Bb5a4 Bb6a5
14.Ng3f5 Nb8d7
15.Nf5d6 Ra8b8
16.Nd6f5 Nf6h5
17.g4 Nh5f4
18.Nf5g3 Nf4g2
19.Ke2 b5
20.cxb5 axb5
21.b4 Ba5xb4
22.Ba4c2 Ng2e3
23.dxe3 Bb4c3
24.Ra1b1 c4
25.Ng3f5 Nd7c5
26.exd4 exd4
27.Bc1g5 Qd8d7
28.Nf5e7 Kh8
29.Ne7f5 d3
30.Bc2xd3 cxd3
31.Ke3 b4
32.Nf5e7 Bc3d4
33.Kd2 Bd4c3
34.Ke3 f6
35.Ne7g6 hxg6
36.Bg5f4 Qd7d4
{ resign }
0-1

[Event "1/32 Finale"]
[Site "www.chess-mail.com"]
[Date "2018.11.20"]
[Round "1"]
[White "Senitram"]
[Black "Osopanda"]
[WhiteElo "2530"]
[BlackElo "1890"]
[Result "1-0"]
[Round "1"]
1.Ng1f3 d6
2.d4 Ng8f6
3.Nb1c3 Nb8d7
4.e4 e5
5.Bf1c4 Bf8e7
6.dxe5 Nd7xe5
7.Nf3xe5 dxe5
8.Qd1xd8 Be7xd8
9.a4 O-O
10.Bc1e3 Bc8e6
11.Bc4xe6 fxe6
12.f3 c6
13.a5 Bd8c7
14.Ke2 b6
15.Rh1d1 Rf8d8
16.Rd1xd8 Ra8xd8
17.axb6 axb6
18.Ra1a7 Bc7b8
19.Ra7a6 Nf6d7
20.Be3xb6 Nd7xb6
21.Ra6xb6 Bb8a7
22.Rb6xc6 Ba7d4
23.Nc3d1 Kf7
24.h4 g6
25.c3 Bd4g1
26.Rc6c7 Kg8
27.c4 h6
28.c5 Bg1d4
29.b4 g5
30.hxg5 hxg5
31.c6 Rd8b8
32.Rc7d7 Rb8xb4
33.c7 Rb4c4
34.Nd1e3 Rc4c6
35.Rd7d8 Kf7
36.c8Q Rc6xc8
37.Rd8xc8 { resign }
1-0

[Event "1/128 Finale"]
[Site "www.chess-mail.com"]
[Date "2018.11.20"]
[Round "1"]
[White "Julian"]
[Black "Amaya"]
[WhiteElo "1730"]
[BlackElo "2110"]
[Result "0-1"]
[Round "1"]
1.e4 e6
2.d4 d5
3.Nb1d2 c5
4.c3 Nb8c6
5.Ng1f3 dxe4
6.Nd2xe4 cxd4
7.cxd4 Bf8b4
8.Bc1d2 Ng8f6
9.Ne4xf6 Qd8xf6
10.Bd2xb4 Nc6xb4
11.Bf1b5 Nb4c6
12.O-O O-O
13.d5 exd5
14.Qd1xd5 Bc8e6
15.Qd5d3 { time. }
0-1

[Event "Match"]
[Site "www.echecsemail.com"]
[Date "2018.11.21"]
[Round "1"]
[White "Aperturaf"]
[Black "Add"]
[WhiteElo "2700"]
[BlackElo "2210"]
[Result "1-0"]
[Round "1"]
1.e4 d5
2.exd5 Qd8xd5
3.Nb1c3 Qd5e5
4.Bf1e2 Qe5g5
5.Ng1f3 Qg5xg2
6.Rh1g1 Qg2h3
7.d4 c6
8.Rg1g3 Qh3d7
9.Nf3e5 Qd7d6
10.Be2c4 e6
11.Nc3e4 Qd6c7
12.Qd1f3 h6
13.Rg3xg7 Bf8xg7
14.Ne4d6 Qc7xd6
15.Qf3xf7 Kd8
16.Qf7xg7 Qd6e7
17.Qg7xh8 Qe7f8
18.Bc1xh6 { resign }
1-0

[Event "Match"]
[Site "www.echecsemail.com"]
[Date "2018.11.21"]
[Round "1"]
[White "Guidom"]
[Black "Apdash"]
[WhiteElo "2070"]
[BlackElo "2340"]
[Result "0-1"]
[Round "1"]
1.e4 c5
2.Ng1f3 e6
3.d4 cxd4
4.Nf3xd4 Nb8c6
5.c3 Bf8c5
6.Nd4b3 Bc5e7
7.Bf1e2 d6
8.O-O Ng8f6
9.Qd1c2 e5
10.Bc1g5 Bc8e6
11.Nb1d2 Ra8c8
12.Qc2d3 Qd8c7
13.Kh1 h6
14.Bg5e3 O-O
15.f4 exf4
16.Be3xf4 Nc6e5
17.Bf4xe5 dxe5
18.Qd3g3 Be6xb3
19.axb3 Rc8d8
20.Ra1d1 Rd8xd2
21.Rd1xd2 Nf6xe4
22.Qg3d3 Ne4xd2
23.Qd3xd2 Be7g5
24.Qd2d5 Rf8d8
25.Qd5e4 g6
26.Be2c4 Kg7
27.h4 f5
28.Qe4e1 Bg5f6
29.Qe1g3 f4
30.Qg3g4 Qc7d7
31.Bc4e6 Qd7d3
32.Rf1f3 Qd3b1
33.Kh2 Rd8d1
{ resign }
0-1

[Event "Tourn. n9989"]
[Site "www.echecsemail.com"]
[Date "2018.11.21"]
[Round "1"]
[White "Ssharp"]
[Black "Bojan"]
[WhiteElo "2280"]
[BlackElo "1980"]
[Result "1-0"]
[Round "1"]
1.e4 e5
2.f4 d5
3.exd5 exf4
4.Ng1f3 Qd8xd5
5.Nb1c3 Qd5d7
6.Bf1b5 Nb8c6
7.O-O f6
8.d4 a6
9.Bb5c4 Nc6a5
10.Bc4xg8 Rh8xg8
11.Bc1xf4 Bf8d6
12.Rf1e1 Kf8
13.Bf4xd6 Qd7xd6
14.Qd1d2 h6
15.Nc3e4 Qd6b6
16.b3 Bc8f5
17.Ne4c5 Kf7
18.Re1f1 Ra8d8
19.Qd2f4 Bf5c8
20.Nf3e5 Kf8
21.Qf4h4 Qb6d6
22.c3 Na5c6
23.Ne5g6 Kf7
24.Qh4h5 Rg8f8
25.Nc5e4 Qd6a3
26.Ng6xf8 Kxf8
27.Ne4xf6 Bc8e6
28.Qh5g6 Nc6e7
29.Nf6h5 { resign }
1-0

[Event "Match"]
[Site "www.echecsemail.com"]
[Date "2018.11.21"]
[Round "1"]
[White "Tonino1"]
[Black "Calponas"]
[WhiteElo "2120"]
[BlackElo "2080"]
[Result "1-0"]
[Round "1"]
1.f4 d5
2.d4 Ng8f6
3.e3 Bc8f5
4.Bf1d3 e6
5.Ng1f3 Bf8e7
6.O-O c5
7.c3 Nb8c6
8.Bd3xf5 exf5
9.Nf3e5 O-O
10.Nb1d2 Ra8c8
11.Qd1f3 Rf8e8
12.h3 h5
13.g4 hxg4
14.hxg4 Nc6xe5
15.fxe5 Nf6xg4
16.Qf3xf5 Ng4xe3
17.Qf5xf7 Kh8
18.Rf1f3 Be7g5
19.Qf7h5 Kg8
20.Rf3g3 Re8f8
21.Nd2f3 Rf8xf3
22.Rg3xf3 { resign }
1-0

[Event "Tourn. n9993"]
[Site "www.echecsemail.com"]
[Date "2018.11.21"]
[Round "1"]
[White "Cemaah"]
[Black "Cal"]
[WhiteElo "1809"]
[BlackElo "1760"]
[Result "1-0"]
[Round "1"]
1.e4 e5
2.f4 exf4
3.Ng1f3 a6
4.d4 d6
5.Bc1xf4 h6
6.Nb1c3 Bc8g4
7.Qd1d2 Ng8f6
8.O-O-O c6
9.Bf1e2 b5
10.e5 Nf6d5
11.Nc3xd5 cxd5
12.h3 Bg4h5
13.Rh1e1 Bf8e7
14.exd6 Be7xd6
15.Be2xb5 Kf8
16.Bf4xd6 Qd8xd6
17.Re1e8 { resign }
1-0

[Event "Match"]
[Site "www.echecsemail.com"]
[Date "2018.11.21"]
[Round "1"]
[White "Ericleo1980"]
[Black "Zack1984"]
[WhiteElo "1980"]
[BlackElo "1370"]
[Result "0-1"]
[Round "1"]
1.e4 Ng8f6
2.e5 Nf6d5
3.d4 d6
4.Ng1f3 Bc8g4
5.Bf1e2 e6
6.c4 Nd5b6
7.Nb1c3 Bg4xf3
8.Be2xf3 c6
9.Qd1e2 dxe5
10.dxe5 Qd8d4
11.Nc3b5 cxb5
12.Bf3xb7 Bf8b4
13.Bc1d2 Qd4xb2
14.Ra1d1 bxc4
15.Bd2xb4 Qb2xb4
16.Qe2d2 Qb4xd2
 { time }
0-1

[Event "Tourn. n9975"]
[Site "www.echecsemail.com"]
[Date "2018.11.21"]
[Round "1"]
[White "Fantomas"]
[Black "Drill64"]
[WhiteElo "2160"]
[BlackElo "2119"]
[Result "1/2-1/2"]
[Round "1"]
1.e4 c5
2.Ng1f3 Nb8c6
3.b3 Ng8f6
4.Nb1c3 d6
5.d4 cxd4
6.Nf3xd4 g6
7.Bc1b2 Bf8g7
8.Bf1e2 O-O
9.O-O a6
10.a3 Bc8d7
11.Kh1 Nc6xd4
12.Qd1xd4 Bd7c6
13.Qd4e3 Qd8d7
14.Ra1b1 Ra8c8
15.Be2d3 Nf6g4
16.Qe3d2 Ng4e5
17.Bd3e2 f5
18.f4 Ne5f7
19.Nc3d5 Bc6xd5
20.exd5 Bg7xb2
21.Rb1xb2 Qd7c7
22.c4 Nf7d8
23.Rf1d1 Rf8f6
24.Be2f3 b6
25.Rd1e1 Nd8b7
26.h4 Rf6f7
27.Re1e3 Qc7d8
28.Qd2d4 Qd8c7
29.Rb2e2 Rc8e8
30.h5 Qc7c5
31.Qd4b2 a5
32.a4 Qc5b4
33.g3 Nb7c5
34.Re2h2 Rf7g7
35.hxg6 hxg6
36.g4 Re8f8
37.g5 Rf8f7
38.Bf3d1 Rg7h7
39.Qb2e2 Rh7xh2
40.Kxh2 Rf7h7
41.Kg2 Nc5e4
42.Bd1c2 Ne4c3
43.Qe2e1 Nc3a2
44.Qe1d1 Qb4c5
45.Re3e1 Na2b4
46.Bc2b1 Rh7h4
47.Qd1d2 Rh4g4
48.Kf3 Rg4g1
49.Qd2e2 Rg1xe1
50.Qe2xe1 Qc5c7
51.Qe1e3 Nb4a6
52.Bb1c2 Na6c5
53.Kg3 Kf7
54.Qe3f3 Qc7d8
55.Qf3c3 Qd8g8
56.Kh2 Qg8h7
57.Qc3h3 Qh7xh3
58.Kxh3 e6
59.dxe6 Nc5xe6
60.Kg3 Ne6d4
61.Bc2d1 Ke6
62.Kf2 d5
63.Ke3 Nd4c6
64.Bd1f3 Nc6b4
65.Kd4 dxc4
66.Kxc4 Kd6
67.Bf3b7 Kc7
68.Bb7f3 Kd6
69.Bf3b7 Kc7
70.Bb7f3 { draw }
1/2-1/2

[Event "Fast Game"]
[Site "www.echecsemail.com"]
[Date "2018.11.21"]
[Round "1"]
[White "Ermejo69"]
[Black "Erno"]
[WhiteElo "1599"]
[BlackElo "1599"]
[Result "0-1"]
[Round "1"]
1.Ng1f3 d5
2.c4 d4
3.b4 c5
4.e3 Ng8f6
5.exd4 cxd4
6.d3 e5
7.g3 Bf8xb4
8.Bc1d2 Bb4d6
9.Bf1g2 O-O
10.O-O Nf6d7
11.a4 Nb8c6
12.Nb1a3 Nd7c5
13.Qd1c2 Bc8f5
14.Nf3e1 a6
15.Bg2xc6 bxc6
16.Bd2b4 Bf5h3
17.Ne1g2 e4
18.Bb4xc5 Bd6xc5
19.dxe4 d3
20.Qc2d2 Qd8d4
21.Rf1d1 Ra8d8
22.Ng2f4 Bh3g4
 { time }
0-1

[Event "Fast Game"]
[Site "www.echecsemail.com"]
[Date "2018.11.21"]
[Round "1"]
[White "Tonino1"]
[Black "Apdash"]
[WhiteElo "1870"]
[BlackElo "1840"]
[Result "0-1"]
[Round "1"]
1.d4 d5
2.Ng1f3 Ng8f6
3.e3 e6
4.Bf1d3 c5
5.c3 Nb8c6
6.Nb1d2 Qd8c7
7.O-O Bf8d6
8.Qd1e2 e5
9.dxe5 Nc6xe5
10.Nf3xe5 Bd6xe5
11.f4 Bc8g4
12.Nd2f3 Be5d6
13.h3 Bg4xf3
14.Qe2xf3 O-O-O
15.Bc1d2 Kb8
16.Ra1c1 Rh8e8
17.c4 Nf6e4
18.Bd2e1 Qc7c6
19.cxd5 Qc6xd5
20.Bd3c4 Qd5c6
21.Bc4xf7 Re8e7
22.Bf7b3 Rd8f8
23.Rc1c2 g5
24.g3 b5
25.Be1c3 Qc6b7
26.Rf1d1 c4
27.Bb3xc4 bxc4
28.Bc3d4 gxf4
29.Rc2xc4 Rf8g8
30.g4 Qb7b5
31.b3 Ne4g5
32.Qf3f1 Qb5d7
33.exf4 Ng5xh3
34.Qf1xh3 Rg8xg4
35.Kf2 Rg4xf4
36.Kg2 Rf4g4
37.Kh1 Rg4g1
38.Kxg1 Qd7xh3
39.Rd1c1 Re7e2
40.Bd4f2 Bd6h2
41.Kh1 Bh2g3
 { time }
0-1

[Event "Tourn. n10000"]
[Site "www.echecsemail.com"]
[Date "2018.11.22"]
[Round "1"]
[White "Coolant"]
[Black "Rons"]
[WhiteElo "2360"]
[BlackElo "2630"]
[Result "0-1"]
[Round "1"]
1.Nb1c3 d5
2.d4 Ng8f6
3.f3 c5
4.e4 Nb8c6
5.Bf1b5 dxe4
6.d5 a6
7.dxc6 axb5
8.Qd1xd8 Kxd8
9.cxb7 Bc8xb7
10.Nc3xb5 Nf6d5
11.c3 f6
12.fxe4 Nd5c7
13.Nb5xc7 Kxc7
14.Bc1e3 Bb7xe4
15.Ng1f3 e5
16.Kf2 Bf8d6
17.Nf3d2 Be4d3
18.b3 f5
19.g3 f4
{ resign }
0-1

[Event "Tourn. n9963"]
[Site "www.echecsemail.com"]
[Date "2018.11.22"]
[Round "1"]
[White "Fantomas"]
[Black "Johnmcbride"]
[WhiteElo "2130"]
[BlackElo "2020"]
[Result "1-0"]
[Round "1"]
1.e4 e5
2.Ng1f3 Nb8c6
3.Nb1c3 g5
4.d4 exd4
5.Nf3xd4 Nc6xd4
6.Qd1xd4 f6
7.Bc1xg5 c5
8.Qd4d1 h5
9.Bg5h4 Qd8b6
10.Nc3d5 Qb6d8
11.Bf1e2 Qd8a5
12.c3 Rh8h6
13.Be2xh5 Kd8
14.e5 Qa5a6
15.g4 Bf8e7
16.Nd5xe7 Ng8xe7
17.exf6 Qa6e6
18.Qd1e2 Qe6xe2
19.Kxe2 Kc7
20.fxe7 d6
21.e8Q Bc8xg4
22.Kd2 Ra8xe8
23.Bh5xe8 Rh6xh4
24.Ra1e1 Bg4f3
25.Rh1g1 Rh4xh2
26.Ke3 Bf3c6
27.Be8xc6 bxc6
28.Rg1h1 Rh2xh1
29.Re1xh1 d5
30.b4 cxb4
31.cxb4 Kb6
32.Kd4 a5
33.bxa5 Kxa5
34.Rh1b1 { resign }
1-0

[Event "Tourn. n9985"]
[Site "www.echecsemail.com"]
[Date "2018.11.22"]
[Round "1"]
[White "Luban"]
[Black "Malbertan"]
[WhiteElo "2050"]
[BlackElo "1950"]
[Result "1-0"]
[Round "1"]
1.d4 d6
2.c4 f5
3.g3 Ng8f6
4.Bf1g2 c6
5.Nb1c3 Nb8d7
6.Bc1g5 e5
7.e4 exd4
8.Qd1xd4 Nd7e5
9.f4 c5
10.Bg5xf6 Qd8xf6
11.fxe5 cxd4
12.exf6 dxc3
13.bxc3 fxe4
14.Bg2xe4 Ra8b8
15.fxg7 Bf8xg7
16.Ng1e2 O-O
17.Kd2 Bc8g4
18.Ne2d4 b6
19.Be4d5 Kh8
20.Rh1f1 Bg7h6
21.Kc2 Bg4h3
22.Rf1e1 Rf8f2
23.Re1e2 Bh3f5
24.Kb3 Rf2xe2
25.Nd4xe2 Rb8e8
26.Ne2d4 Bf5d7
27.Ra1f1 Re8f8
28.Rf1xf8 Bh6xf8
29.Bd5c6 Bd7c8
30.Nd4b5 a6
31.Nb5c7 a5
32.Nc7d5 { resign }
1-0

[Event "Tourn. n9969"]
[Site "www.echecsemail.com"]
[Date "2018.11.22"]
[Round "1"]
[White "Drill64"]
[Black "Picifarkinca"]
[WhiteElo "1849"]
[BlackElo "1600"]
[Result "1/2-1/2"]
[Round "1"]
1.e4 c6
2.d4 d5
3.Nb1d2 dxe4
4.Nd2xe4 Nb8d7
5.Bf1c4 e6
6.Ng1f3 Ng8f6
7.Ne4xf6 Nd7xf6
8.Qd1e2 Bf8e7
9.c3 O-O
10.Bc1g5 Nf6d5
11.Bg5xe7 Nd5xe7
12.O-O-O Ne7d5
13.Kb1 b5
14.Bc4b3 a5
15.Bb3c2 Nd5f6
16.Nf3e5 Bc8b7
17.Rh1g1 Qd8d5
18.g4 a4
19.g5 Nf6e8
20.Rg1g4 f5
21.gxf6 Rf8xf6
22.Ne5d7 Qd5xd7
23.Qe2e4 g6
24.Rg4f4 Rf6xf4
25.Qe4xf4 a3
26.b3 Ne8d6
27.Rd1g1 Ra8f8
28.Qf4e5 Nd6f5
29.Qe5c5 Qd7d6
30.Bc2xf5 Qd6xc5
31.Bf5xe6 Kg7
32.dxc5 Rf8xf2
33.h3 Rf2b2
34.Ka1 Rb2e2
35.Be6d7 Re2d2
36.Bd7g4 Rd2c2
37.Kb1 Rc2b2
{ draw }
1/2-1/2

[Event "Match"]
[Site "www.echecsemail.com"]
[Date "2018.11.22"]
[Round "1"]
[White "Tonino1"]
[Black "Jackbauer"]
[WhiteElo "2120"]
[BlackElo "1820"]
[Result "1-0"]
[Round "1"]
1.f4 d5
2.d4 c5
3.e3 Nb8c6
4.c3 a6
5.Bf1d3 Ng8f6
6.Ng1f3 h6
7.O-O c4
8.Bd3c2 e6
9.Qd1e2 Bf8e7
10.Nb1d2 O-O
11.Nf3e5 Nc6xe5
12.fxe5 Nf6d7
13.Qe2g4 f6
14.Qg4xe6 Rf8f7
15.Qe6f5 Nd7f8
16.Qf5h5 Bc8e6
17.Bc2g6 Nf8xg6
18.Qh5xg6 Qd8f8
19.Nd2f3 Ra8c8
20.Nf3h4 Rc8c6
21.e4 dxe4
22.Bc1xh6 Be6d7
23.d5 Rc6b6
24.e6 Rb6xe6
25.dxe6 Bd7xe6
26.Nh4f5 Be7c5
27.Kh1 Be6xf5
28.Rf1xf5 { resign }
1-0

[Event "Tourn. n10000"]
[Site "www.echecsemail.com"]
[Date "2018.11.22"]
[Round "1"]
[White "Drawlward"]
[Black "Coolant"]
[WhiteElo "2620"]
[BlackElo "2360"]
[Result "1-0"]
[Round "1"]
1.d4 d5
2.c4 dxc4
3.e4 a6
4.Bf1xc4 c5
5.Ng1f3 cxd4
6.Nf3xd4 e6
7.O-O b5
8.Bc4e2 Bc8b7
9.Bc1e3 Ng8f6
10.a4 b4
11.Nb1d2 Nb8d7
12.f3 Bf8c5
13.Nd2c4 O-O
14.Qd1d2 Ra8c8
15.Nd4b3 Qd8e7
16.Nb3xc5 Nd7xc5
17.Qd2xb4 Nf6d7
18.Rf1d1 Rf8d8
19.Rd1xd7 { resign }
1-0

[Event "Tourn. n9983"]
[Site "www.echecsemail.com"]
[Date "2018.11.22"]
[Round "1"]
[White "Julian"]
[Black "Picifarkinca"]
[WhiteElo "1690"]
[BlackElo "1740"]
[Result "1-0"]
[Round "1"]
1.e4 e6
2.d4 d5
3.Nb1d2 c5
4.c3 cxd4
5.cxd4 Nb8c6
6.Ng1f3 Qd8b6
7.exd5 Nc6xd4
8.Qd1a4 Nd4c6
9.dxc6 bxc6
10.Nd2c4 { resign }
1-0

[Event "Tourn. n9976"]
[Site "www.echecsemail.com"]
[Date "2018.11.22"]
[Round "1"]
[White "Cathar"]
[Black "Bigrezi"]
[WhiteElo "2210"]
[BlackElo "2320"]
[Result "0-1"]
[Round "1"]
1.c4 g6
2.Nb1c3 Ng8f6
3.e4 d6
4.d4 Bf8g7
5.Bf1e2 O-O
6.Bc1g5 h6
7.Bg5e3 e5
8.d5 Nb8a6
9.Qd1d2 Kh7
10.f3 Nf6h5
11.Be2d3 Qd8h4
12.g3 Qh4e7
13.Ng1e2 Nh5f6
14.O-O-O Bc8h3
15.Rh1g1 Bh3d7
16.g4 Na6b4
17.Bd3b1 a5
18.h4 Nf6g8
19.h5 Qe7f6
20.hxg6 fxg6
21.Rg1g3 Qf6h4
22.Qd2e1 Nb4a6
23.Qe1h1 Qh4xh1
24.Rd1xh1 Na6c5
25.Rg3h3 Rf8f7
{ resign }
0-1

[Event "Tourn. n9993"]
[Site "www.echecsemail.com"]
[Date "2018.11.22"]
[Round "1"]
[White "Picifarkinca"]
[Black "Traub"]
[WhiteElo "1780"]
[BlackElo "1670"]
[Result "1-0"]
[Round "1"]
1.Ng1f3 d5
2.c4 d4
3.b4 Ng8f6
4.Bc1b2 e5
5.Nf3xe5 c5
6.bxc5 Bf8xc5
7.d3 Nb8c6
{ time. }
1-0

[Event "Match"]
[Site "www.echecsemail.com"]
[Date "2018.11.22"]
[Round "1"]
[White "Bojan"]
[Black "Tonino1"]
[WhiteElo "1950"]
[BlackElo "2240"]
[Result "0-1"]
[Round "1"]
1.e4 d6
2.d4 Ng8f6
3.Nb1c3 c6
4.h3 Qd8c7
5.Ng1f3 e5
6.dxe5 dxe5
7.Bf1c4 Bf8e7
8.b3 O-O
9.Bc1b2 b5
10.Bc4d3 h6
11.Nc3e2 Be7d6
12.Ne2g3 g6
13.Nf3h4 Bc8e6
14.Qd1d2 Kh7
15.Ng3e2 Nb8d7
16.g3 Nf6g8
17.Nh4g2 f5
18.f4 fxe4
19.Bd3xe4 Ng8f6
20.fxe5 Nd7xe5
21.Ng2f4 Nf6xe4
22.Nf4xe6 Ne4xd2
23.Ne6xc7 Nd2f3
24.Kf2 Bd6xc7
25.Kg2 Nf3d2
26.Ne2d4 Nd2e4
27.Nd4e6 Rf8f2
{ resign }
0-1

[Event "Match"]
[Site "www.echecsemail.com"]
[Date "2018.11.22"]
[Round "1"]
[White "Apdash"]
[Black "Cathar"]
[WhiteElo "2310"]
[BlackElo "2150"]
[Result "1-0"]
[Round "1"]
1.e4 e6
2.d4 d5
3.exd5 exd5
4.c4 Ng8f6
5.Nb1c3 Bf8e7
6.Ng1f3 O-O
7.cxd5 Nf6xd5
8.Bf1c4 Bc8e6
9.Qd1b3 { resign }
1-0

[Event "Match"]
[Site "www.echecsemail.com"]
[Date "2018.11.23"]
[Round "1"]
[White "Paco"]
[Black "Apdash"]
[WhiteElo "2010"]
[BlackElo "2040"]
[Result "0-1"]
[Round "1"]
1.e4 e5
2.Ng1f3 d6
3.Bf1c4 Bf8e7
4.d4 exd4
5.Qd1xd4 Ng8f6
6.Nf3g5 O-O
7.Nb1c3 Nb8c6
8.Qd4e3 Nc6e5
9.h4 Ne5xc4
10.Qe3f3 Bc8g4
11.Qf3d3 Nc4e5
12.Qd3d4 h6
13.f3 hxg5
14.fxg4 gxh4
15.g5 Nf6g4
16.Rh1xh4 Be7xg5
17.Rh4h3 Bg5xc1
18.Ra1xc1 Qd8g5
19.Rc1d1 Rf8e8
20.Nc3d5 Ne5c6
21.Qd4d3 Nc6e5
22.Qd3c3 c6
23.Nd5c7 Ng4f6
24.Nc7xa8 Re8xa8
25.Rh3g3 Qg5h4
26.Qc3e3 Qh4xe4
27.Qe3xe4 Nf6xe4
28.Rg3e3 f5
29.Ke2 d5
30.Re3h3 Ne5g4
31.Rd1f1 g6
32.a4 Kg7
33.Rf1h1 Ne4f6
34.Rh3b3 Ra8e8
35.Kd2 Re8e7
36.Kc1 b6
37.Rb3a3 c5
38.a5 b5
39.c3 Re7e2
40.g3 Re2g2
41.a6 Ng4f2
42.Rh1e1 Nf2d3
43.Kd1 Nd3xb2
44.Kc1 Nb2d3
45.Kd1 Nd3xe1
46.Kxe1 Rg2xg3
47.Kd2 Nf6e4
48.Kc2 Rg3xc3
49.Ra3xc3 Ne4xc3
{ resign }
0-1

[Event "Match"]
[Site "www.echecsemail.com"]
[Date "2018.11.23"]
[Round "1"]
[White "Bjonil60"]
[Black "Erno"]
[WhiteElo "1530"]
[BlackElo "1349"]
[Result "0-1"]
[Round "1"]
1.Nb1c3 d5
2.e3 e5
3.a3 Nb8c6
4.d3 Ng8f6
5.b3 d4
6.Nc3a2 dxe3
7.fxe3 Bf8d6
8.b4 e4
9.d4 Nf6g4
10.h3 Bd6g3
11.Ke2 Qd8f6
12.Kd2 Ng4xe3
13.Kxe3 Qf6f4
14.Ke2 Qf4f2

0-1

[Event "Tourn. n9988"]
[Site "www.echecsemail.com"]
[Date "2018.11.23"]
[Round "1"]
[White "Andychesston"]
[Black "Roque1"]
[WhiteElo "2060"]
[BlackElo "1970"]
[Result "0-1"]
[Round "1"]
1.e4 c5
2.Ng1f3 e6
3.d4 cxd4
4.Nf3xd4 Ng8f6
5.e5 Nf6d5
6.a3 Bf8e7
7.Bf1d3 O-O
8.c4 Nd5b6
9.Nb1c3 Qd8c7
10.Bd3xh7 Kxh7
11.Qd1h5 Kg8
12.O-O Nb6xc4
13.Nc3b5 Qc7xe5
14.Qh5xe5 Nc4xe5
15.Nb5c7 Nb8c6
16.Nd4xc6 bxc6
17.Nc7xa8 Bc8a6
18.Na8c7 Ba6xf1
19.Kxf1 Rf8b8
20.Nc7a6 Rb8b3
21.Bc1d2 Ne5d3
22.Ra1a2 Nd3xb2
23.Bd2b4 Be7xb4
24.axb4 Nb2d3
25.Na6c5 Rb3b1
{ resign }
0-1

[Event "Tourn. n9976"]
[Site "www.echecsemail.com"]
[Date "2018.11.23"]
[Round "1"]
[White "Tartan"]
[Black "Sbb"]
[WhiteElo "2590"]
[BlackElo "2630"]
[Result "0-1"]
[Round "1"]
1.d4 Ng8f6
2.Ng1f3 e6
3.e3 c5
4.c3 d5
5.Bf1d3 b6
6.Nb1d2 Bc8b7
7.Nf3e5 Bf8d6
8.f4 Qd8c7
9.O-O O-O
10.g4 Nf6e4
11.Qd1c2 f5
12.gxf5 exf5
13.Nd2f3 c4
14.Bd3e2 Kh8
15.Bc1d2 g5
16.Nf3xg5 Qc7g7
{ resign }
0-1

[Event "Match"]
[Site "www.echecsemail.com"]
[Date "2018.11.23"]
[Round "1"]
[White "Cal"]
[Black "Tonino1"]
[WhiteElo "1790"]
[BlackElo "2120"]
[Result "0-1"]
[Round "1"]
1.c4 d6
2.Nb1c3 Ng8f6
3.h3 g6
4.e4 Bf8g7
5.Ng1f3 e5
6.d3 O-O
7.a3 c6
8.Bc1g5 h6
9.Bg5xf6 Bg7xf6
10.b4 Bc8e6
11.Bf1e2 Bf6g7
12.O-O Qd8c7
13.Nf3h4 Kh7
14.f4 exf4
15.Rf1xf4 g5
16.Rf4f1 gxh4
17.Ra1c1 Nb8d7
18.d4 Nd7b6
19.Be2d3 Be6xc4
20.e5 Bc4xd3
21.Qd1xd3 Kh8
22.Rf1f5 dxe5
23.dxe5 Bg7xe5
24.Nc3b5 Qc7e7
25.Rf5h5 Qe7f6
26.Rc1f1 Qf6g7
27.Rh5xh4 cxb5
28.Rf1f5 Ra8d8
29.Rf5h5 Rd8xd3
30.Rh5xh6 Kg8
31.Rh4g4 Qg7xg4
32.hxg4 Kg7
33.g5 Be5g3
34.Rh6h3 Rd3d1
{ resign }
0-1

[Event "Match"]
[Site "www.echecsemail.com"]
[Date "2018.11.23"]
[Round "1"]
[White "Coraza"]
[Black "Bjonil60"]
[WhiteElo "1790"]
[BlackElo "1510"]
[Result "1-0"]
[Round "1"]
1.e4 Nb8c6
2.d4 e5
3.d5 Nc6e7
4.Ng1f3 d6
5.Bf1b5 c6
6.dxc6 bxc6
7.Bb5c4 h6
8.Nf3h4 g5
9.Qd1h5 Ng8f6
10.Qh5f3 Bf8g7
11.Nh4f5 Ne7xf5
12.exf5 d5
13.Bc4e2 e4
14.Qf3c3 Bc8xf5
15.Bc1e3 Ra8c8
16.O-O Qd8c7
17.g3 Nf6h5
18.Be3d4 Bg7xd4
19.Qc3xd4 Rh8g8
20.Be2xh5 Ke7
21.Qd4c5 Kf6
22.f4 gxf4
23.Qc5d4 Kg5
24.Rf1xf4 Bf5e6
25.Qd4f6 Kxh5
26.Rf4h4 
1-0

[Event "Match"]
[Site "www.echecsemail.com"]
[Date "2018.11.23"]
[Round "1"]
[White "Obisporey"]
[Black "Apdash"]
[WhiteElo "2540"]
[BlackElo "2350"]
[Result "1-0"]
[Round "1"]
1.e4 e5
2.Ng1f3 Nb8c6
3.Bf1b5 Ng8e7
4.Nb1c3 a6
5.Bb5c4 Nc6a5
6.Bc4e2 d6
7.d4 exd4
8.Nf3xd4 c5
9.Nd4b3 Na5xb3
10.axb3 Qd8c7
11.Nc3b5 axb5
12.Ra1xa8 g6
13.Be2xb5 Ne7c6
14.Qd1g4 Kd8
15.Bc1g5 Nc6e7
16.e5 dxe5
17.Qg4d1 { resign }
1-0